El romancero, Garcilaso de la Vega y la poesía del siglo de oro

Spremljeno u:
Bibliografski detalji
Glavni autor: Vega Carpio, Lope Félix de la
Format: Knjiga
Jezik:Undetermined
Izdano: San José, Costa Rica Fernández Arce 1976
Teme:
Oznake: Dodaj oznaku
Bez oznaka, Budi prvi tko označuje ovaj zapis!

MARC

LEADER 00000nam a2200000Ia 4500
008 170316s9999 xx 000 0 und d
090 |a 862 V-15ro 
100 |a Vega Carpio, Lope Félix de la 
245 |a El romancero, Garcilaso de la Vega y la poesía del siglo de oro 
260 |a San José, Costa Rica 
260 |b Fernández Arce 
260 |c 1976 
300 |a 207 páginas 
650 |a LITERATURA ESPAÑOLA 
999 |c 25940  |d 25940 
040 |a cru BVZT 
942 |c 15 D  |h 862 V-15ro  |2 z